000
00289nam a2200097Ia 4500
008
220204s9999 xx 000 0 und d
082
_a
NR:631.531978
_b
RRM
245
0
_a
RRIM course on rubber planting and nursery techniques 10-15 July 1978
260
_a
Kuala Lumpur
_b
RRIM
_c
1978
942
_c
BK
999
_c
34308
_d
34308